[Santa Biblia]. (Record no. 187691)
[ view plain ]
| 000 -LEADER | |
|---|---|
| campo de control de longitud fija | 00692nam a2200205 i 4500 |
| 001 - NÚMERO DE CONTROL | |
| campo de control | 187691 |
| 003 - IDENTIFICADOR DE NÚMERO DE CONTROL | |
| campo de control | ES-MaACL |
| 005 - FECHA Y HORA DE LA ÚLTIMA TRANSACCIÓN | |
| campo de control | 20230906223015.0 |
| 008 - DATOS DE LONGITUD FIJA--INFORMACIÓN GENERAL | |
| campo de control de longitud fija | 180117s1859 cc |||| | chi d |
| 130 0# - ENTRADA PRINCIPAL--TÍTULO UNIFORME | |
| Título uniforme | Biblia. |
| Lenguaje de la obra | Chino. |
| 9 (RLIN) | 157126 |
| 245 10 - MENCIÓN DEL TÍTULO | |
| Título | [Santa Biblia]. |
| 260 ## - PUBLICACIÓN, DISTRIBUCIÓN, ETC. | |
| Lugar de publicación, distribución, etc. | Shanghai, Jiangsu : |
| Nombre del editor, distribuidor, etc. | Mo hai shu guan, |
| Fecha de publicación, distribución, etc. | 1859. |
| 300 ## - DESCRIPCIÓN FÍSICA | |
| Extensión | 4 v. ; |
| Dimensiones | 22 cm. |
| 500 ## - NOTA GENERAL | |
| Nota general | Hojas fabricadas en papel de arroz. |
| 500 ## - NOTA GENERAL | |
| Nota general | En el lomo de la encuadernación: Santa Biblia, en chino. |
| 546 ## - NOTA DE IDIOMA | |
| Nota de lengua/lenguaje | Idioma: chino mandarín, con grafía de chino antiguo tradicional. |
| 597 ## - NOTA DE DESCRIPCIÓN FÍSICA | |
| NOTA DE DESCRIPCIÓN FÍSICA | En hojas dobles, estilo oriental. |
| 597 ## - NOTA DE DESCRIPCIÓN FÍSICA | |
| NOTA DE DESCRIPCIÓN FÍSICA | Publicación en sentido inverso. |
| 852 ## - LOCALIZACIÓN | |
| Ubicación | ES-MaACL |
| Número de control de estantería | G-11061-64 |
| Estatus retirado | Estado de pérdida | Estado de daño | No para préstamo | Colección | Biblioteca de origen | Biblioteca actual | Ubicación en estantería | Fecha de adquisición | Fuente de adquisición | Total de préstamos | Signatura topográfica completa | Código de barras | Visto por última vez | Precio de reemplazo | Tipo de ítem Koha |
|---|---|---|---|---|---|---|---|---|---|---|---|---|---|---|---|
| Libros del s. XIX | Biblioteca del Ateneo de Madrid | Biblioteca del Ateneo de Madrid | Sala Pecera Planta 3 | 17/01/2018 | G-11061-64 | 1198271 | 23/02/2023 | 23/02/2023 | Libro impreso antiguo |
